00697nam a2200217Ia 4500008004000000020001500040041000800055082001500063100002200078245004000100260004600140300001300186650001400199650001300213650001500226650001000241690002500251906001100276999001900287952017300306210210b2010 xxu||||| |||| 00| 0 eng d a0195683595 aeng a658.3 AGAS aAGARWALA (Tanuja) aStrategic human resource management aNew DelhibOxford University Pressc2010 axiii,801 aStrategic aresource amanagement ahuman aPersonnel Management a066501 c147877d147877 00102ddc40708Human RightsaALbALd2021-02-17eSapna Book House Pvt Ltd, K S Rao Road, Mangaloreg495.00l0o658.3 AGASp066501r2021-02-17 00:00:00w2021-02-17yBK